00386nam a2200157Ia 450000500170000000800410001704000190005804100120007708200170008910000190010624500360012526000280016130000110018965000180020085000100021820230325110714.0131103s9999 xx 000 0 und d aLoreto College aEnglish a822.91bO'CA aO'Casey, Sean  aRose and crowncby Sean O'Casey aLondonbMacmillanc1952 a306p.  aEnglish drama aLCLIB